Musical Instruments by Letter (T-Z) - Statistics

General Stats
  • This quiz has been taken 32 times
  • The average score is 11 of 18
Answer Stats
Hint Answer % Correct
Its name literally means, "large trumpet" Trombone
86%
Percussion instrument named after a shape Triangle
83%
The largest and lowest brass instrument Tuba
83%
Often viewed as a larger violin Viola
83%
Also known as the fiddle Violin
83%
Large, tunable drums with deep tones Timpani
79%
Oldest brass instrument controlled by three valves Trumpet
76%
Small string instrument common in Hawaiian culture Ukulele
76%
Circular percussion instrument with jingles in its frame Tambourine
72%
The best known mallet instrument with a sharp, wooden sound Xylophone
72%
A type of string instrument with strings stretched across a flat body Zither
52%
Metallic mallet instrument controlled by a pedal Vibraphone
48%
Usually 2+ of these are on a drumset Tom-tom
45%
Electronic sound is produced without touching the instrument Theremin
41%
Wooden or metal suspended tubes that knock together Wind chimes
38%
A cleaning device used as a percussion instrument in African music Washboard
31%
A wooden ball hits a box and creates a resonating sound Vibraslap
28%
Also known as a moon lute Yueqin
3%
No matching quizzes found
Score Distribution
Percent of People with Each Score
Percentile by Number Answered
Your Score History
You have not taken this quiz